00000000nam##2200000za#4500
0019.662553
003CaOODSP
00520210615120619
007ta
008150407|2001||||xxc|||||     f|0| 0 eng|d
020 |a0-662-65523-0
040 |aCaOODSP|beng
041 |aeng
041 |afre
043 |an-cn---
0861 |aSC94-77/2001
1101 |aCanada.|bCanadian Centre for Management Development.
24512|aA foundation for developing risk management learning strategies in the public service / |cby Stephen Hill & Geoff Dinsdale.
260 |aOttawa - Ontario : |bCanadian Centre for Management Development |c2001.
300 |aviii, 40p. : |bfig., references ; |c28 cm.
563 |aSoftcover
590 |a02-31|b2002-08-02
69007|aPublic service|2gcpds
69007|aRisk management|2gcpds
69007|aStrategies|2gcpds
7201 |aDinsdale, Geoff
7201 |aHill, Stephen
7760#|tFondements en vue de l'élaboration de stratégies d'apprentissage : |w(CaOODSP)9.640021
7760#|tA foundation for developing risk management : |w(CaOODSP)9.695901
792 |tFondements en vue de l'élaboration de stratégies d'apprentissage en gestion du risque dans la fonction publique / |efre|w(CaOODSP)9.662554